| 000 | 00929nam a22003017a 4500 | ||
|---|---|---|---|
| 001 | 5329 | ||
| 003 | FISKH | ||
| 005 | 20241126123249.0 | ||
| 008 | 241126b cb ||||| |||| 00| 0 eng d | ||
| 020 | _a9780545236584 | ||
| 040 |
_aFISKH _beng _cFISKH _dFISKH |
||
| 050 | _aCT25.F58 | ||
| 082 | _a808.06692 | ||
| 100 | _aFletcher, Ralph | ||
| 245 |
_aHow to Write Your Life Story / _cby Ralph Fletcher |
||
| 250 | _aFirst Scholastic printing , January 2010 | ||
| 260 |
_aNew York : _bScholastic ; _c2007 . |
||
| 300 |
_a102 pages : _billustrations ; _c20 cm . |
||
| 505 | _aZ | ||
| 520 | _aThis book teaches would-be autobiographers about the style and organization of a biography. | ||
| 521 | 8 |
_a940
_bLexile |
|
| 521 | 8 |
_aZ
_bRaz-Plus |
|
| 650 |
_aautobiography _vFiction |
||
| 650 |
_amiddle school _vFiction |
||
| 700 |
_aNagy, Ian _eillustrator copyright |
||
| 942 |
_2ddc _cBK _n0 |
||
| 999 |
_c5329 _d5329 |
||